000 00609nam a2200229Ia 4500
003 OSt
005 20221007063101.0
006 a|||||r|||| 00| 0
007 ta
008 221006b |||||||| |||| 00| 0 eng d
024 _a20,406
037 _cTextual
040 _aFLL
_cFLL
_beng
041 _2eng
_aeng
082 _aX:9582:Z2, L4
100 _aChopra D.S. Au.
245 0 _aLaw relating to provident funds
260 _aBombay
_bN.M. tripathi pvt. ltd. India
_c1974
300 _a360p
_ccm.
942 _hX:9582:Z2, L4
_cTEXL
_2CC
999 _c1130314
_d1130314